000 00488nam a22001937a 4500
003 MPLRDC
005 20220104192308.0
008 210129b ||||| |||| 00| 0 eng d
020 _a957-779-091-7
082 _a426.4 CXZ
100 _a陈夏珍
245 _a最新幸运手环DIY
_c
250 _a初版再刷
260 _a台湾
_b民圣文化事业股份有限公司
_c2008
300 _b
490 _aDIY精致集: 17
650 _a家庭编结
942 _cBK
_o426.4 CXZ
999 _c64654
_d64644